| 000 | 01076nam a2200289 a 4500 | ||
|---|---|---|---|
| 001 | 000048547 | ||
| 003 | DO-SdBNP | ||
| 005 | 20240430111443.0 | ||
| 008 | 190329s2012 dr 000 0 spa d | ||
| 020 | _a9789993480112 | ||
| 040 |
_aDO-SdBNP _bspa _cBNPHU |
||
| 082 | 4 |
_a330.97293 _bA367e _222 |
|
| 100 | 1 |
_aAlemán, José Luis, _97046 |
|
| 245 | 1 | 0 |
_aEconomía política dominicana : _b2003-2006 / _cJosé Luis Alemán. |
| 260 |
_aSanto Domingo : _bCentro Bonó, _c2012. |
||
| 300 |
_a875 p. ; _c23 cm. |
||
| 490 | 1 | _aEconomía y sociedad | |
| 500 | _aIncluye referencias bibliográficas y notas al pie de las páginas. | ||
| 590 | _aInventariado, 2019/VM | ||
| 650 | 4 |
_aCorrupción _zRepública Dominicana _y2003-2006 _976012 |
|
| 651 | 4 |
_aRepública Dominicana _xCondiciones económicas _y2003-2006 _976013 |
|
| 651 | 4 |
_aRepública Dominicana _xPolítica económica _y2003-2006 _976014 |
|
| 651 | 4 |
_aRepública Dominicana _xPolítica social _y2003-2006 _976015 |
|
| 830 | 0 |
_aEconomía y sociedad _99447 |
|
| 910 | _aValidado. Control de calidad MFF | ||
| 942 |
_2ddc _cLBS1 |
||
| 999 |
_c48035 _d48035 |
||